000 00969nam a2200265 a 4500
001 000006900
005 20240302073949.0
008 090903s2007 dr a 000 0 spa d
020 _a9993476846
040 _aDO-SdBNP
_bspa
_cBNPHU
082 _axxx
_bT231C, 2007
100 1 _aCassá, Roberto,
_d1948-
_910888
245 1 0 _aManuel Aurelio Tavárez Justo :
_blíder de la juventud. /
_cRoberto Cassá ; ilustraciones Ramiro Manzano.
250 _a2a ed.
260 _aSanto Domingo, :
_bTobogán
_fAlfa y Omega
_c2007.
300 _a104 p. :
_bil ;
_c20 cm.
490 1 _aBiografía dominicanas Tobogán ;
590 _aInventariado, 2018/ YL
500 _aIncluye referencias bibliográficas
600 1 4 _aTAVÁREZ JUSTO, MANUEL AURELIO
_d1931-1963
_919137
650 4 _aEscritores dominicanos
_vBIOGRAFÍAS
_919138
651 4 _aRepública Dominicana
_vBIOGRAFÍAS
_91083
700 1 2 _aManzano, Ramiro
_eil.
_9768
830 0 _aBiografía dominicanas Tobogán
_919139
999 _c6685
_d6685